000 01695cam a22003738i 4500
999 _c18997
_d18997
001 22738418
005 20240208101835.0
008 220805s2023 nju b 001 0 eng c
010 _a 2022036178
020 _a9781119901402
020 _z9781119901419
020 _z9781119901426
040 _aWaSeSS/DLC
_beng
_erda
_cDLC
042 _apcc
050 0 0 _aTA168
_b.D43 2023
082 0 0 _aDC 621.38216
_22023
_bD357
245 0 0 _aDecision making in systems engineering and management /
_cedited by Patrick J. Driscoll, Gregory S. Parnell, Dale L. Henderson.
250 _aThird edition.
260 _aHoboken, NJ :
_bJohn Wiley & Sons, Inc.,
_c©2023.
263 _a2211
300 _axxiix, 540 pages :
_billustrations ;
_c26 cm.
504 _aIncludes bibliographical references and index.
520 _a"Systems engineering is an interdisciplinary field of engineering and engineering management that focuses on how to design, integrate, and manage complex systems over their life cycles. At its core, systems engineering utilizes systems thinking principles to organize this body of knowledge."--
650 0 _aSystems engineering
_xManagement.
_951848
650 0 _aSystems engineering
_xDecision making.
_951849
700 1 _aDriscoll, Patrick J.,
_eeditor.
_951850
700 1 _aParnell, Gregory S.,
_eeditor.
_951851
700 1 _aHenderson, Dale L.,
_eeditor.
_951852
776 0 8 _iOnline version:
_tDecision making in systems engineering and management.
_bThird edition
_dHoboken, NJ : Wiley, 2023
_z9781119901419
_w(DLC) 2022036179
365 _b14,488.00
_cPhp
906 _a7
_bcbc
_corignew
_d1
_eecip
_f20
_gy-gencatlg
942 _2ddc
_cDC